Countries Closest to Monaco - Statistics

General Stats
  • This quiz has been taken 1,617 times
  • The average score is 18 of 20
Answer Stats
km country miles % Correct
0 France 0
100%
8 Italy 5
99%
374 Spain 232
99%
421 Germany 262
96%
236 Switzerland 147
95%
402 Austria 250
93%
657 Belgium 408
92%
399 San Marino 248
92%
457 Vatican City 284
92%
400 Liechtenstein 249
89%
641 Luxembourg 398
89%
787 Netherlands 489
89%
475 Andorra 295
88%
538 Slovenia 334
88%
514 Croatia 319
85%
741 Czechia 460
79%
700 Tunisia 435
76%
670 Bosnia and Herzegovina 417
75%
762 Hungary 474
75%
739 Algeria 459
74%
No matching quizzes found
Score Distribution
Percent of People with Each Score
Percentile by Number Answered
Your Score History
You have not taken this quiz